000 00808nam a2200205Ii 4500
003 JO-AjNU
008 230605s9999||||xx |||||||||||||| ||und||
017 _a2004/3/531
040 _aJO-AjNU
_bara
_erda
_cJO-AjNU
041 _aara
050 1 4 _aDS154.55.S4282 2004
100 3 _aتاليف واعداد الصمادي، سليمان مصطفى,
_eauthor
_939401
245 0 0 _aالأردن الحقيقة والوجود: دراسة واقعية للنهضة العربية والفكر السياسي الاردني
264 3 1 _aاربد: المؤلف، 2004
300 _a204ص
336 _atext
_btxt
_2rdacontent
337 _aunmediated
_bn
_2rdamedia
338 _avolume
_bnc
_2rdacarrier
650 4 _aالاردن - تاريخ، الاردن- سياسة ، النهضة العربية
_939402
999 _aA16637
_c20205
_d20205